01016nam a2200217 a 450000100100000000500170001000800410002704000250006808200190009310000450011224500560015726000640021330000210027759000260029865000290032465000310035391000370038495201780042195201820059999900170078100003077420240412074255.0110530s1939 dr r 000 j spa d aDO-SdBNPbspacBNPHU aRD863.4bS197f1 aSanabia, Rafael Emilioe1888-197392643813aEl flechador de aventuras /cRafael Emilio Sanabia. aCiudad Trujillo, República Dominicana :bMontalvo,c1939. a121 p. ;c19 cm. aInventariado, 2018/BT 0aCuentos dominicanos9176 0aLiteratura dominicana.967 aValidado. Control de calidad MFF 001050718RVaPDbPDcHDd2011-05-30iLF1l0oRD863.4 S197fp30774-10r2020-06-25w2020-06-25y1zPerteneció a la biblioteca personal de Julio Ortega FrierZNo se presta 001050718RVaPDbPDcHDd2011-05-30iLF1l0oRD863.4 S197fp30774-20r2020-06-25te. 2w2020-06-25y1zPerteneció a la biblioteca personal de Martínez Boog.ZNo se presta c30266d30266